Svojeť orgán Stredoškolákov na Slovensku
| Previous Title: | Mladé prúdy |
|---|---|
| Format: | Journal |
| Language: | Slovak |
| PhysicalDescription: | 14 zv. 23 cm |
| Published: |
Nitra
Vzdel. krúžok sv. Metoda, št. real. gymnázia
1/1925-1939
Bratislava Stredoškolská komisia Sväzu slovenského študentstva Bratislava Vydavateľstvo Svojeti pri SSŠ Bratislava Sväz slovenského študentstva Bratislava |
| Subjects: |
MARC
| LEADER | 00000cas a2200000 a 4500 | ||
|---|---|---|---|
| 001 | vtls010298647 | ||
| 003 | SK-MaSNL | ||
| 005 | 20260228163443.0 | ||
| 008 | 200401d19251939xo mr|p 0 b0slo | ||
| 035 | |a (SVKBB03)vtls000216275 | ||
| 040 | |a SNK |b slo |c SNK |e AACR2 | ||
| 041 | 0 | |a slo | |
| 044 | |a xo |c SK |a xr |c CZ | ||
| 072 | 7 | |a 373.5/.6 |x Stredné školy |2 konspekt | |
| 072 | 7 | |a 37 |x Výchova a vzdelávanie |2 konspekt | |
| 072 | 7 | |a 82 |x Literatúra. Literárny život |2 konspekt | |
| 080 | |a 070.488 |2 2001 | ||
| 080 | |a 614.253.4 |2 2001 | ||
| 080 | |a 050 |2 2001 | ||
| 080 | |a 373.5 |2 2001 | ||
| 245 | 0 | 0 | |a Svojeť |b orgán Stredoškolákov na Slovensku |
| 260 | |a Nitra |b Vzdel. krúžok sv. Metoda, št. real. gymnázia |c 1/1925-1939 | ||
| 260 | 2 | |3 1/1926-10/1932 |a Bratislava |b Stredoškolská komisia Sväzu slovenského študentstva | |
| 260 | 2 | |3 1/1933-10/1934 |a Bratislava |b Vydavateľstvo Svojeti pri SSŠ | |
| 260 | 2 | |3 1/1935-1/1937 |a Bratislava |b Stredoškolská komisia Sväzu slovenského študentstva | |
| 260 | 3 | |3 2/1937-1/1939 |a Bratislava |b Sväz slovenského študentstva | |
| 300 | |a 14 zv. |c 23 cm | ||
| 310 | |a 10x ročne | ||
| 362 | 0 | |a Roč. II, č. 1 (1925)-roč. XIV, č. 1 (1939) | |
| 500 | |a Podnázov od č. 1/1930: časopis slovenských stredoškolákov; od č. 3/1930: časopis slovenských stredoškolákov s prílohou Podrast venovanou stredoškolákom nižších tried; od č. 8/1932: časopis slovenských stredoškolákov; od č. 1/1938: časopis slovenského stredoškolského študentstva | ||
| 500 | |a Redaktori sa menia | ||
| 500 | |a Vyd.: Vzdel. krúžok sv. Metoda, št. real. gymnázia v Nitre; od 1/1926 Stredoškolská komisia Sväzu slovenského študentstva; od 1/1933 Vydavateľstvo Svojeti pri SSŠ v Bratislave; od 1/1934 Stredoškolská komisia Sväzu slovenského študentstva v Bratislave; od 2/1938 Sväz slovenského študentstva | ||
| 500 | |a Tlač.: Hermes, Nitra; od 1/1926 Unia, Bratislava; od 4/1926 Kníhtlač. Fr. Urbánek a spol., Trnava; od 1/1932 Kníhtlač. Frant. Rebec, Praha; od 1/ 1933 Kníhtlač. Linografia, K. Jaroň a spol., Bratislava; od 1/1934 Kníhtlač. Urbánek a spol., Trnava; od 2/1934 Kníhtlačiareň Pallas, Prešov | ||
| 500 | |a Mal prílohu Podrast | ||
| 500 | |a Časopis predtým vychádzal pod názvom Mladé prúdy | ||
| 650 | 0 | 7 | |a literatúra |2 SNKPH |9 1427 |
| 650 | 0 | 7 | |a stredoškolskí študenti |2 SNKPH |9 3980 |
| 650 | 0 | 7 | |a výchova |2 SNKPH |9 957 |
| 650 | 0 | 7 | |a mládež |2 SNKPH |9 1575 |
| 655 | 7 | |a literárne časopisy |2 SNKPH |9 125450 | |
| 770 | 0 | |t Podrast |w vtls010298354 | |
| 780 | 0 | 0 | |t Mladé prúdy |w vtls010298201 |
| 910 | |a snk | ||
| 910 | |a snmk | ||
| 916 | |a 1925/26-1935/36; 1938 | ||
| 999 | |c 9449 |d 11379 | ||
| 952 | |0 0 |1 0 |4 0 |7 0 |a SNK |b SNK |d 1997-05-22 |l 0 |o snkČSC 153/5/1928-29 D1 |p 17A0067722 |r 2005-01-02 00:00:00 |t č. 1-10 |w 2026-02-21 |y PREZ | ||
| 952 | |0 0 |1 0 |4 0 |7 0 |a SNK |b SNK |d 1998-01-30 |f 1 |i snk985/30 |l 0 |o snkČSC 153/5/1928-29 |p 17A0120511 |r 2005-01-02 00:00:00 |t č. 1-10 |w 2026-02-21 |y PREZ | ||
| 952 | |0 0 |1 0 |4 0 |7 0 |a SNK |b SNK |d 1997-05-22 |l 0 |o snkČSC 153/3/1926-27 D1 |p 17A0067513 |r 2005-01-02 00:00:00 |t č. 1-10 |w 2026-02-21 |y PREZ | ||
| 952 | |0 0 |1 0 |4 0 |7 0 |a SNK |b SNK |d 2003-06-11 |f 1 |i snk4447/28 |l 0 |o snkČSC 153/4/1927-28 |p 17A0386633 |r 2005-01-02 00:00:00 |t č. 1-10 |w 2026-02-21 |y PREZ |z č. 1-10 | ||
| 952 | |0 0 |1 0 |4 0 |7 0 |a SNK |b SNK |d 1997-05-22 |l 0 |o snkČSC 153/4/1927-28 D1 |p 17A0067512 |r 2005-01-02 00:00:00 |t č. 1-10 |w 2026-02-21 |y PREZ | ||
| 952 | |0 0 |1 0 |4 0 |7 0 |a SNK |b SNK |d 2000-08-01 |f 1 |i snk1793/43 |l 0 |o snkČSC 153/14/1938 |p 17A0248138 |r 2005-01-02 00:00:00 |t č. 1-5, neúplné |w 2026-02-21 |y PREZ |z chýba č. 4 | ||
| 952 | |0 0 |1 0 |4 0 |7 0 |a SNK |b SNK |d 2000-08-01 |f 1 |i snk241/34 |l 0 |o snkČSC 153/9/1932-33 |p 17A0248139 |r 2005-01-02 00:00:00 |t č. 1-10 |w 2026-02-21 |y PREZ | ||
| 952 | |0 0 |1 0 |4 0 |7 0 |a SNK |b SNK |d 2000-08-01 |f 1 |i snk1382/36 |l 0 |o snkČSC 153/11/1934-35 |p 17A0248140 |r 2005-01-02 00:00:00 |t č. 1-10 |w 2026-02-21 |y PREZ | ||
| 952 | |0 0 |1 0 |4 0 |7 0 |8 5 |a SNK |b SNK |d 2010-07-26 |i snkF 5375/78 |l 0 |o snkČSC 153/12/1935-36 D1 |p 17A0662861 |r 2026-02-21 19:53:50 |t č. 1-10 |w 2026-02-21 |y PREZ | ||
| 952 | |0 0 |1 0 |3 č. 1-2, 5-6; ; poškodené |4 0 |7 0 |8 5 |a SNK |b SNK |d 2011-07-19 |i snkF 5234/78 |l 0 |o snkČSC 153/2/1925-26 D1 |p 17A0708279 |r 2026-02-21 20:06:53 |t č. 1-10, neúplné |w 2026-02-21 |y PREZ |z obsahuje iba č. 1-2, 5-6 | ||
| 952 | |0 0 |1 0 |3 chýba č. 9, 10; |4 0 |7 0 |8 1 |a SNK |b SNK |d 2012-07-13 |i snkD 1657/69 |l 0 |o snkČSC 153/8/1931-32 D1 |p 17A0888797 |r 2026-02-21 20:30:21 |t č. 1-10, neúplný |w 2026-02-21 |y PREZ |z chýba č. 9, 10; | ||
| 952 | |0 0 |1 0 |3 chýba č. 7; |4 0 |7 0 |8 3 |a SNK |b SNK |d 2012-07-13 |i snkČSK 258/57 |l 0 |o snkČSC 153/9/1932-33 D1 |p 17A0888798 |r 2026-02-21 20:30:21 |t č. 1-10, neúplný |w 2026-02-21 |y PREZ | ||
| 952 | |0 0 |1 0 |4 0 |7 0 |a SNK |b SNK |d 1997-10-25 |f 1 |i snk4446/28 |l 0 |o snkČSC 153/2/1925-26 |p 17A0104914 |r 2005-01-02 00:00:00 |t č. 1-10 |w 2026-02-21 |y PREZ | ||
| 952 | |0 0 |1 0 |4 0 |7 0 |a SNK |b SNK |d 2000-05-18 |f 1 |i snk715/33 |l 0 |o snkČSC 153/8/1931-32 |p 17A0238976 |r 2005-01-02 00:00:00 |t č. 1-10 |w 2026-02-21 |y PREZ | ||
| 952 | |0 0 |1 0 |4 0 |7 0 |a SNK |b SNK |d 2000-07-18 |f 1 |i snk17/39 |l 0 |o snkČSC 153/12/1935-36 |p 17A0245660 |r 2005-01-02 00:00:00 |t č. 1-10 |w 2026-02-21 |y PREZ | ||
| 952 | |0 0 |1 0 |4 0 |7 0 |a SNK |b SNK |d 1998-02-04 |f 1 |i snk1554/35 |l 0 |o snkČSC 153/10/1933-34 |p 17A0121939 |r 2005-01-02 00:00:00 |t č. 1-10 |w 2026-02-21 |y PREZ | ||
| 952 | |0 0 |1 0 |4 0 |7 0 |a SNK |b SNK |d 1998-02-04 |f 1 |i snk488/32 |l 0 |o snkČSC 153/7/1930-31 |p 17A0121855 |r 2005-01-02 00:00:00 |t č. 1-10 |w 2026-02-21 |y PREZ | ||
| 952 | |0 0 |1 0 |4 0 |7 0 |a SNK |b SNK |d 2001-03-20 |i snkČSK 138/57 |l 0 |o snkČSC 153/7/1930-31 D1 |p 17A0294017 |r 2005-01-02 00:00:00 |t č. 1-10 |w 2026-02-21 |y PREZ | ||
| 952 | |0 0 |1 0 |4 0 |7 0 |a SNK |b SNK |d 1998-02-04 |f 1 |i snk487/32 |l 0 |o snkČSC 153/6/1929-30 |p 17A0121808 |r 2005-01-02 00:00:00 |t č. 1-10, neúplné |w 2026-02-21 |y PREZ |z chýba č. 9-10 | ||
| 952 | |0 0 |1 0 |4 0 |7 0 |a SNK |b SNK |d 2001-02-19 |l 0 |o snkČSC 153/8/1931-32 D2 |p 17A0268302 |r 2005-01-02 00:00:00 |t č. 1-10 |w 2026-02-21 |y PREZ | ||
| 952 | |0 0 |1 0 |4 0 |7 0 |a SNK |b SNK |d 2001-05-24 |l 0 |o snkČSC 153/10/1933-34 D1 |p 17A0301565 |r 2005-01-02 00:00:00 |t č. 1-10 |w 2026-02-21 |y PREZ | ||
| 952 | |0 0 |1 0 |4 0 |7 0 |a SNK |b SNK |d 1998-05-18 |f 1 |i snk4478/28 |l 0 |o snkČSC 153/3/1926-27 |p 17A0139895 |r 2005-01-02 00:00:00 |t č. 1-10 |w 2026-02-21 |y PREZ | ||
| 952 | |0 0 |1 0 |4 0 |7 0 |8 3 |a SNK |b SNK |d 2018-04-11 |i snkČSK 137/57 |l 0 |o snkČSC 153/6/1929-30 D1 |p 17A1189718 |r 2026-02-21 21:57:23 |t č. 1-10, neúplné |w 2026-02-21 |y PREZ |z chýba č.: 7, 8, | ||


